Statistics for Can't Catch Me Now - Olivia Rodrigo (All Lyrics)

Click here to take the quiz!

General Stats

  • This quiz has been taken 342 times
  • The average score is 285 of 337

Answer Stats

Answer% Correct
I
98%
the
98%
The
98%
You
98%
you
98%
me
97%
a
96%
can't
96%
catch
96%
in
96%
In
96%
No
96%
on
96%
but
95%
But
95%
I'm
95%
now
95%
trees
95%
every
94%
my
94%
My
94%
of
93%
there
93%
footsteps
91%
blood
89%
ground
89%
mountain
89%
side
89%
breeze
88%
face
88%
it
88%
place
87%
There's
87%
see
86%
all
85%
that
84%
everywhere
83%
go
83%
do
82%
to
82%
here
81%
over
81%
think
81%
You'll
80%
your
80%
away
77%
pass
77%
was
77%
Thought
75%
thought
75%
will
75%
down
74%
like
74%
wall
74%
into
73%
months
73%
Oh
73%
town
73%
around
72%
Be
72%
feel
72%
left
72%
would
72%
Yeah
72%
And
71%
'cause
71%
are
70%
dancin'
70%
gone
70%
room
70%
still
70%
storm
70%
wash
70%
brought
69%
got
69%
grass
69%
hall
69%
Through
69%
us
69%
writing
69%
city
68%
coming
68%
fury
68%
made
68%
messes
67%
Shadows
67%
snow
66%
bitter
65%
taste
65%
higher
64%
than
64%
fallin'
63%
head
63%
never
63%
shade
63%
forget
62%
I'd
62%
It's
62%
new
62%
this
62%
easy
61%
end
61%
red
61%
hopes
60%
winter
60%
Bet
58%
bet
58%
something
58%
turning
58%
way
57%
wading
56%
with
55%
you'd
55%
fire
53%
it'd
53%
burn
52%
Don't
51%
expect
50%
figured
48%
founded
45%
ooh
45%
Ooh
45%
sometimes
45%

Score Distribution

Percentile by Number Answered

Percent of People with Each Score

Your Score History

You have not taken this quiz